City Puzzle: Asia and Oceania - Statistics

General Stats
  • This quiz has been taken 44 times
  • The average score is 9 of 13
Answer Stats
Hint Answer % Correct
Home of the “Opera House” Sydney
97%
Australian capital Canberra
91%
Saudi Arabian capital Riyadh
91%
Mongolian capital Ulaanbaatar
91%
Largest Vietnamese city Ho Chi Minh City
88%
Most populous metro area Tokyo
88%
Part of the UK until 1997 Hong Kong
79%
Turkish city historically called “Smyrna” Izmir
65%
City also known as Madras Chennai
62%
Final city Christchurch
56%
Largest American city in Oceania Honolulu
38%
De facto capital of Palestine Ramallah
38%
City with the largest city proper Chongqing
21%
No matching quizzes found
Score Distribution
Percent of People with Each Score
Percentile by Number Answered
Your Score History
You have not taken this quiz